| 000 | 00674cam a22002293a 4500 | ||
|---|---|---|---|
| 001 | 30139 | ||
| 003 | PGUSA | ||
| 005 | 20140828083642.0 | ||
| 008 | 090930s2009||||xxu|||||s|||||000 | eng d | ||
| 040 |
_aPGUSA _beng |
||
| 042 | _adc | ||
| 050 | 4 | _aF850.5 | |
| 100 | 1 | _aGiles, Harry F. | |
| 245 | 1 | 4 |
_aThe Beauties of the State of Washington : _bA Book for Tourists _h[electronic resource] / _cHarry F. Giles |
| 260 |
_bProject Gutenberg, _c2009 |
||
| 506 | _aPublic domain in the USA. | ||
| 516 | _aElectronic text | ||
| 653 | _aWashington (State) -- Guidebooks | ||
| 830 | 0 |
_aProject Gutenberg _v30139 |
|
| 856 | 4 | 0 | _uhttp://www.gutenberg.org/ebooks/30139 |
| 942 | _cEB | ||
| 999 |
_c259394 _d259394 |
||